00389pab a2200133 454500008004000000100002900040245005600069260000900125300001500134362001200149650003600161650001400197773004400211180718b1967 xxu||||| |||| 00| 0 eng d aMukherjee, Subrata Kumar aSome aspects of the Panchayat system in West Bengal c1967 ap.313-347. aApr-Jun aPanchayat - India - West Bengal aPanchayat aIndian Journal of Public Administration